Learning Resource and Development

Para sa pag-ibig / (Record no. 28810)

MARC details
000 -LEADER
fixed length control field 01204nam a2200265 i 4500
003 - CONTROL NUMBER IDENTIFIER
control field CSPC
005 - DATE AND TIME OF LATEST TRANSACTION
control field 20250212140129.0
008 - FIXED-LENGTH DATA ELEMENTS--GENERAL INFORMATION
fixed length control field 250212s2017 a 000 0 eng d
020 ## - INTERNATIONAL STANDARD BOOK NUMBER
International Standard Book Number 9786218069015
040 ## - CATALOGING SOURCE
Transcribing agency CSPC
Original cataloging agency CSPC
Language of cataloging eng
Description conventions rda
082 04 - DEWEY DECIMAL CLASSIFICATION NUMBER
Classification number 899.2114
Item number V711p
100 1# - MAIN ENTRY--PERSONAL NAME
Personal name Villa, Steffi Allison A.,
Relator term author.
245 10 - TITLE STATEMENT
Title Para sa pag-ibig /
Statement of responsibility, etc. Steffi Allison A. Villa.
246 01 - VARYING FORM OF TITLE
Title proper/short title All for love
264 #1 - PRODUCTION, PUBLICATION, DISTRIBUTION, MANUFACTURE, AND COPYRIGHT NOTICE
Place of production, publication, distribution, manufacture [Place of Publication not identified] :
Name of producer, publisher, distributor, manufacturer Art Angel Printshop Commercial Quests Inc.,
Date of production, publication, distribution, manufacture, or copyright notice 2017.
300 ## - PHYSICAL DESCRIPTION
Extent 67 pages :
Other physical details illustrations ;
Dimensions 22 cm.
336 ## - CONTENT TYPE
Content type term text
Source rdacontent
337 ## - MEDIA TYPE
Media type term unmediated
Source rdamedia
338 ## - CARRIER TYPE
Carrier type term volume
Source rdacarrier
505 0# - FORMATTED CONTENTS NOTE
Formatted contents note Pilipinas kong Mahal -- Pipiliin kita -- Coming home to love -- Ikaw ang kasagutan -- Pangarap natin -- We choose love -- Salamin mo -- Ang dating sa akin -- Pag-ibig ang taya -- Walang wakas -- Pangarap kong Pilipinas -- The beauty of waiting -- I love you just the same -- Lalalove -- Lipad -- Pasasalamat.
650 #4 - SUBJECT ADDED ENTRY--TOPICAL TERM
Topical term or geographic name entry element Philippine poetry
General subdivision Tagalog.
650 #4 - SUBJECT ADDED ENTRY--TOPICAL TERM
Topical term or geographic name entry element Philippine poetry
General subdivision English.
942 ## - ADDED ENTRY ELEMENTS (KOHA)
Source of classification or shelving scheme Dewey Decimal Classification
Suppress in OPAC No
Koha item type Books
Classification part 899.2114
Call number prefix FIL
Call number suffix 2017
Holdings
Withdrawn status Lost status Source of classification or shelving scheme Damaged status Not for loan Home library Current library Shelving location Date acquired Total Checkouts Full call number Barcode Date last seen Copy number Price effective from Koha item type
    Dewey Decimal Classification     Main Library Main Library Filipiniana Section 02/12/2025   FIL 899.2114 V711p 2017 028914 02/12/2025 1-1 02/12/2025 Books